000 00446nam a2200181Ia 4500
005 20250508152904.0
008 008 250505s9999 xx 000 0 eng d
037 _aBooks to be hide in OPAC
040 _aFEDL
_beng
_cFEDL
041 _aeng
_2eng
084 _a954, DIP/O
_qFEDL
245 0 _aDiplomat's directory
250 _a2
260 _c1962
300 _a124p.
942 _cHB
_h954, DIP/O
999 _c1339417
_d1339417